[Event "Bodenmais op"]
[Site "Bodenmais"]
[Date "2022.08.07"]
[Round "9"]
[White "Wagner, Florian"]
[Black "Fuchs, Florian"]
[Result "1-0"]
[WhiteElo "2225"]
[BlackElo "2320"]
[PlyCount "73"]
[EventDate "2022.07.30"]
[EventType "swiss"]
[EventRounds "9"]
[EventCountry "GER"]
[SourceTitle "CBM 209 Extra"]
[Source "ChessBase"]
[SourceDate "2022.09.30"]
[SourceVersion "1"]
[SourceVersionDate "2022.09.30"]
[SourceQuality "1"]

1. e4 c5 2. Nf3 Nc6 3. d4 cxd4 4. Nxd4 Nf6 5. Nc3 e5 6. Ndb5 d6 7. Bg5 a6 8. Na3 b5 9. Nd5 Be7 10. Bxf6 Bxf6 11. c3 0-0 12. Nc2 Bg5 13. a4 bxa4 14. Rxa4 a5 15. Bc4 Rb8 16. Ra2 Kh8 17. Nce3 g6 18. h4 Bxh4 19. g3 Bg5 20. f4 exf4 21. gxf4 Bh4+ 22. Kf1 f5 23. b4 fxe4 24. Rah2 g5 25. b5 Ne5 26. Qd4 Rb7 27. Rxh4 gxh4 28. Ke2 h3 29. fxe5 Qh4 30. e6+ Rg7 31. e7 Rf2+ 32. Kd1 Bd7 33. b6 Qh5+ 34. Kc1 h2 35. b7 Qe8 36. Nf6 Rg1+ 37. Nd1 1-0

[Event "Bodenmais op"]
[Site "Bodenmais"]
[Date "2022.08.05"]
[Round "7"]
[White "Wagner, Florian"]
[Black "Schmahl, Stephan"]
[Result "1-0"]
[WhiteElo "2225"]
[BlackElo "2061"]
[PlyCount "49"]
[EventDate "2022.07.30"]
[EventType "swiss"]
[EventRounds "9"]
[EventCountry "GER"]
[SourceTitle "CBM 209 Extra"]
[Source "ChessBase"]
[SourceDate "2022.09.30"]
[SourceVersion "1"]
[SourceVersionDate "2022.09.30"]
[SourceQuality "1"]

1. d4 d5 2. c4 e6 3. Nc3 c5 4. cxd5 cxd4 5. Qxd4 Nc6 6. Qd1 exd5 7. Qxd5 Be6 8. Qxd8+ Rxd8 9. Bd2 Nf6 10. Rc1 Bc5 11. e3 0-0 12. Nf3 Bb6 13. Bb5 Nb4 14. a3 Nd3+ 15. Bxd3 Rxd3 16. Ne2 Ne4 17. Bb4 Nxf2 18. Kxf2 Bxe3+ 19. Kg3 Rfd8 20. Nf4 Bxf4+ 21. Kxf4 h6 22. h4 g5+ 23. hxg5 hxg5+ 24. Kxg5 R8d5+ 25. Kh4 1-0

[Event "Bodenmais op"]
[Site "Bodenmais"]
[Date "2022.08.04"]
[Round "6"]
[White "Wacker, Felix"]
[Black "Wagner, Florian"]
[Result "0-1"]
[WhiteElo "1998"]
[BlackElo "2225"]
[PlyCount "86"]
[EventDate "2022.07.30"]
[EventType "swiss"]
[EventRounds "9"]
[EventCountry "GER"]
[SourceTitle "CBM 209 Extra"]
[Source "ChessBase"]
[SourceDate "2022.09.30"]
[SourceVersion "1"]
[SourceVersionDate "2022.09.30"]
[SourceQuality "1"]

1. e4 c5 2. Nf3 Nc6 3. Bb5 g6 4. 0-0 Bg7 5. c3 e5 6. Re1 Nge7 7. Na3 0-0 8. Nc2 Qb6 9. Bc4 d6 10. Rb1 Na5 11. Bd5 Nxd5 12. exd5 Qc7 13. Ne3 b5 14. b4 cxb4 15. Rxb4 Bd7 16. Bb2 h6 17. d4 e4 18. Nd2 f5 19. Qe2 f4 20. Nef1 f3 21. Qxe4 Rae8 22. Qb1 fxg2 23. Kxg2 Bf5 24. Qd1 Nc4 25. Rxe8 Rxe8 26. Nxc4 bxc4 27. Ng3 Bd3 28. Bc1 Qa5 29. Be3 Rf8 30. Qg4 Qxd5+ 31. Kg1 Kh7 32. h4 Rf7 33. Rb8 Bf8 34. Re8 Bf5 35. Nxf5 gxf5 36. Qf4 Rg7+ 37. Kf1 Rg4 38. Qh2 Qf3 39. Ke1 Bg7 40. Re7 f4 41. Rf7 Rg2 42. Rxf4 Qxe3+ 43. fxe3 Rxh2 0-1

[Event "Mittelfranken-chTB2b 1920"]
[Site "Mittelfranken"]
[Date "2019.11.03"]
[Round "2.1"]
[White "Wagner, Florian"]
[Black "Boehme, Sebastian1111"]
[Result "0-1"]
[WhiteElo "2192"]
[BlackElo "2231"]
[PlyCount "70"]
[EventDate "2019.10.13"]
[EventType "team-tourn"]
[EventRounds "9"]
[EventCountry "GER"]
[SourceTitle "EXT 2023"]
[Source "ChessBase"]
[SourceDate "2022.10.05"]
[SourceVersion "1"]
[SourceVersionDate "2022.10.05"]
[SourceQuality "1"]
[WhiteTeam "Nuernberg NT IV"]
[BlackTeam "Uttenreuth"]
[WhiteTeamCountry "GER"]
[BlackTeamCountry "GER"]

1. e4 c6 2. d4 d5 3. exd5 cxd5 4. c4 Nf6 5. Nc3 Nc6 6. Bg5 Be6 7. c5 g6 8. Bxf6 exf6 9. Bb5 Bg7 10. Nge2 0-0 11. 0-0 Qc7 12. Qd2 f5 13. Rac1 h6 14. Ba4 a6 15. Rfe1 Rab8 16. Bb3 Rfd8 17. Na4 f4 18. Nb6 g5 19. Bc2 Re8 20. Qd3 Rbd8 21. Qh7+ Kf8 22. Rcd1 Ne7 23. Qd3 Nf5 24. Qa3 Nh4 25. g3 Bg4 26. gxh4 Bxe2 27. Ba4 f3 28. Nxd5 Qc8 29. Kh1 Qh3 30. Rg1 Bxd1 31. c6+ Kg8 32. Ne7+ Kh8 33. c7 Rxd4 34. Bxe8 Qxh2+ 35. Kxh2 Rxh4+ 0-1

[Event "Mittelfranken-chTB2b 1920"]
[Site "Mittelfranken"]
[Date "2019.10.13"]
[Round "1.1"]
[White "Wagner, Florian"]
[Black "Wagner, Hans1111"]
[Result "1-0"]
[WhiteElo "2192"]
[BlackElo "2068"]
[PlyCount "107"]
[EventDate "2019.10.13"]
[EventType "team-tourn"]
[EventRounds "9"]
[EventCountry "GER"]
[SourceTitle "EXT 2023"]
[Source "ChessBase"]
[SourceDate "2022.10.05"]
[SourceVersion "1"]
[SourceVersionDate "2022.10.05"]
[SourceQuality "1"]
[WhiteTeam "Nuernberg NT IV"]
[BlackTeam "Stein SC"]
[WhiteTeamCountry "GER"]
[BlackTeamCountry "GER"]

1. d4 d5 2. Nf3 Nc6 3. e3 Bg4 4. Be2 e6 5. Nbd2 Nf6 6. c4 Be7 7. 0-0 0-0 8. b3 Ne4 9. Nxe4 dxe4 10. Nd2 Bxe2 11. Qxe2 f5 12. Bb2 Qe8 13. f3 Qh5 14. Rae1 Bd6 15. g3 Qg6 16. fxe4 fxe4 17. c5 Be7 18. Rf4 Nb4 19. Rxe4 Rad8 20. a3 Nd5 21. Qg4 Qf5 22. Qxf5 exf5 23. Re5 g6 24. e4 fxe4 25. R5xe4 Bg5 26. Nc4 Rf6 27. b4 c6 28. Kg2 Rdf8 29. R1e2 Rf1 30. h4 Bc1 31. Re8 Bxb2 32. Rxf8+ Rxf8 33. Nxb2 Nc3 34. Re7 Rf7 35. Re8+ Kg7 36. Nc4 Rd7 37. Nd6 Nb5 38. Nxb5 cxb5 39. Ra8 a6 40. Ra7 Rxd4 41. c6 Rd8 42. cxb7 Rb8 43. Kf3 Kf7 44. Ke4 Ke7 45. Kd5 Kd7 46. g4 Kc7 47. Kc5 h5 48. g5 Rf8 49. b8Q+ Kxb8 50. Rxa6 Rf4 51. Rxg6 Rxh4 52. Rh6 Rh3 53. g6 Rg3 54. Kxb5 1-0

[Event "Nuremberg Zabo op 19th"]
[Site "Nuremberg"]
[Date "2017.09.16"]
[Round "2"]
[White "Wagner, Florian"]
[Black "Kocak, Ediz"]
[Result "1/2-1/2"]
[WhiteElo "2195"]
[BlackElo "1862"]
[PlyCount "71"]
[EventDate "2017.09.15"]
[EventType "swiss"]
[EventRounds "5"]
[EventCountry "GER"]
[SourceTitle "EXT 2022"]
[Source "ChessBase"]
[SourceDate "2021.10.06"]
[SourceVersion "1"]
[SourceVersionDate "2021.10.06"]
[SourceQuality "1"]

1. Nf3 d5 2. c4 c6 3. b3 Nf6 4. e3 g6 5. Bb2 Bg7 6. Be2 0-0 7. 0-0 Nbd7 8. Qc2 b6 9. Nc3 Bb7 10. Rac1 Rc8 11. Qb1 Ne4 12. d4 Nxc3 13. Bxc3 Nf6 14. cxd5 cxd5 15. Bb4 Qd7 16. Ne5 Qe6 17. Qb2 a5 18. Ba3 Ne4 19. b4 axb4 20. Qxb4 Bxe5 21. dxe5 Qxe5 22. Qxb6 Nc3 23. Bd3 Ra8 24. Bxe7 Qxe7 25. Rxc3 Rxa2 26. Rc7 Qa3 27. Bxg6 hxg6 28. Qxb7 Qd3 29. Rd7 Rd2 30. g3 Qf5 31. Qb4 Rxf2 32. Rxf2 Qxd7 33. Kg2 Qe6 34. Qd4 Re8 35. Rd2 Qe4+ 36. Kg1 1/2-1/2

[Event "Nuremberg Zabo op 18th"]
[Site "Nuremberg"]
[Date "2016.09.17"]
[Round "3"]
[White "Teske, Henrik"]
[Black "Wagner, Florian"]
[Result "1-0"]
[WhiteElo "2468"]
[BlackElo "2083"]
[PlyCount "137"]
[EventDate "2016.09.16"]
[EventType "swiss"]
[EventRounds "5"]
[EventCountry "GER"]
[SourceTitle "EXT 2018"]
[Source "ChessBase"]
[SourceDate "2017.10.13"]
[SourceVersion "1"]
[SourceVersionDate "2017.10.13"]
[SourceQuality "1"]

1. d4 Nf6 2. c4 e6 3. g3 d5 4. Bg2 Be7 5. Nf3 0-0 6. 0-0 dxc4 7. Ne5 Nc6 8. Bxc6 bxc6 9. Nxc6 Qe8 10. Qa4 Bd6 11. Qxc4 Bd7 12. Ne5 Bb5 13. Qc2 c5 14. Nc4 Be7 15. dxc5 Bxc5 16. Be3 Rc8 17. Bxc5 Rxc5 18. Nbd2 Qc6 19. b3 Rh5 20. Rac1 e5 21. f3 Nd5 22. Rf2 Qa6 23. a4 Bd7 24. g4 Rh4 25. Nxe5 Nf4 26. Nxd7 Re8 27. Nf1 h5 28. Qc6 Nh3+ 29. Kg2 Qxc6 30. Rxc6 Nxf2 31. Kxf2 hxg4 32. f4 Rh3 33. Nc5 Rc3 34. Ng3 Rb8 35. Nge4 Rh3 36. Nd7 Re8 37. Nef6+ gxf6 38. Nxf6+ Kf8 39. Nxe8 Kxe8 40. Rc8+ Kd7 41. Ra8 Rxb3 42. Rxa7+ Ke6 43. e3 Ra3 44. Ra6+ Ke7 45. f5 Ra1 46. Kg3 Rg1+ 47. Kf4 Rg2 48. Ra7+ Kf8 49. a5 Rxh2 50. Kxg4 Kg7 51. Kf4 Ra2 52. Ke5 Ra3 53. e4 Ra2 54. Ra8 Ra4 55. Ra6 Ra2 56. Kf4 Rf2+ 57. Ke3 Ra2 58. e5 Ra3+ 59. Kd4 Rf3 60. f6+ Kg6 61. Rc6 Ra3 62. Rc5 Kf5 63. Kd5 Rd3+ 64. Kc6 Ke6 65. a6 Ra3 66. Kb6 Rb3+ 67. Rb5 Ra3 68. a7 Ra2 69. Kb7 1-0

[Event "Mittelfranken-ch HT"]
[Site "Nuremberg"]
[Date "2016.03.24"]
[Round "5"]
[White "Wagner, Florian"]
[Black "Link, Andreas"]
[Result "1-0"]
[WhiteElo "2137"]
[BlackElo "1972"]
[PlyCount "53"]
[EventDate "2016.03.22"]
[EventType "swiss"]
[EventRounds "9"]
[EventCountry "GER"]
[SourceTitle "EXT 2018"]
[Source "ChessBase"]
[SourceDate "2017.10.13"]
[SourceVersion "1"]
[SourceVersionDate "2017.10.13"]
[SourceQuality "1"]

1. d4 Nf6 2. c4 e6 3. Nf3 c5 4. a3 cxd4 5. Nxd4 Nc6 6. Nc3 d5 7. cxd5 exd5 8. g3 Be7 9. Bg2 0-0 10. 0-0 Qb6 11. Be3 Qd8 12. Nxc6 bxc6 13. Rc1 Ng4 14. Bd4 Bd6 15. Na4 Qg5 16. Rxc6 Rd8 17. h3 Nf6 18. Qc1 Qg6 19. Nc5 Bf5 20. Nb7 Ne4 21. Nxd8 Rxd8 22. Be5 h5 23. Bxd6 Nxd6 24. Qf4 Qe6 25. Rd1 Qxe2 26. Rxd5 g6 27. Rcxd6 1-0

[Event "Mittelfranken-ch HT"]
[Site "Nuremberg"]
[Date "2016.03.23"]
[Round "3"]
[White "Wagner, Florian"]
[Black "Walter, Thomas"]
[Result "0-1"]
[WhiteElo "2137"]
[BlackElo "2122"]
[PlyCount "94"]
[EventDate "2016.03.22"]
[EventType "swiss"]
[EventRounds "9"]
[EventCountry "GER"]
[SourceTitle "EXT 2018"]
[Source "ChessBase"]
[SourceDate "2017.10.13"]
[SourceVersion "1"]
[SourceVersionDate "2017.10.13"]
[SourceQuality "1"]

1. g3 e5 2. Bg2 Nc6 3. c4 f5 4. Nc3 Nf6 5. Nf3 Bc5 6. d3 0-0 7. 0-0 d6 8. Nd5 h6 9. a3 a5 10. Rb1 Be6 11. Nd2 a4 12. Nc3 Qe8 13. Nxa4 Ba7 14. e3 f4 15. Ne4 fxg3 16. fxg3 Ng4 17. Re1 Qf7 18. h3 Nf2 19. Nxf2 Qxf2+ 20. Kh2 Qf5 21. Nc3 Qg6 22. Ne4 Rad8 23. Bd2 d5 24. cxd5 Bxd5 25. Qe2 Ne7 26. g4 c6 27. Rf1 Qe6 28. Bb4 c5 29. Nxc5 Bxc5 30. Bxc5 Bxg2 31. Qxg2 Rxf1 32. Rxf1 Rxd3 33. Qxb7 Rd2+ 34. Kg1 Nc6 35. Bf8 Rd7 36. Qc8 Kh7 37. Rc1 Rd1+ 38. Rxd1 Qxc8 39. Bc5 e4 40. b4 Ne5 41. Rd6 Qa8 42. Kg2 Qxa3 43. Kg3 Nd3 44. g5 hxg5 45. Bd4 Qxb4 46. Rd7 Qe1+ 47. Kg4 Qh4+ 0-1

[Event "Staufer op-A 28th"]
[Site "Schwaebisch Gmuend"]
[Date "2016.01.05"]
[Round "7"]
[White "Klimentov, Roman"]
[Black "Wagner, Florian"]
[Result "1-0"]
[WhiteElo "2248"]
[BlackElo "2136"]
[PlyCount "55"]
[EventDate "2016.01.02"]
[EventType "swiss"]
[EventRounds "9"]
[EventCountry "GER"]
[SourceTitle "CBM 170 Extra"]
[Source "ChessBase"]
[SourceDate "2016.02.25"]
[SourceVersion "1"]
[SourceVersionDate "2016.02.25"]
[SourceQuality "1"]

1. e4 c5 2. Nf3 e6 3. d4 cxd4 4. Nxd4 a6 5. Bd3 Qc7 6. 0-0 Nf6 7. Qe2 d6 8. c4 Nc6 9. Be3 Be7 10. Nc3 b6 11. Nxc6 Qxc6 12. Rac1 Bb7 13. f3 0-0 14. Rfd1 Nd7 15. Qf2 Nc5 16. Bf1 a5 17. b3 Rad8 18. Bd4 g6 19. Rb1 f5 20. exf5 Rxf5 21. Be3 Bf6 22. Nb5 Ne4 23. Qe2 Ng5 24. Bxg5 Bxg5 25. Qxe6+ Kg7 26. Nxd6 Rff8 27. Rd5 Bf4 28. Qe7+ 1-0

[Event "Nuremberg Zabo op 17th"]
[Site "Nuremberg"]
[Date "2015.09.25"]
[Round "4"]
[White "Schneider, Jana"]
[Black "Wagner, Florian"]
[Result "0-1"]
[WhiteElo "1995"]
[BlackElo "2136"]
[PlyCount "76"]
[EventDate "2015.09.21"]
[EventType "swiss"]
[EventRounds "5"]
[EventCountry "GER"]
[SourceTitle "EXT 2018"]
[Source "ChessBase"]
[SourceDate "2017.10.13"]
[SourceVersion "1"]
[SourceVersionDate "2017.10.13"]
[SourceQuality "1"]

1. e4 d6 2. d4 Nf6 3. Nc3 c6 4. Be3 b5 5. a3 a6 6. Nf3 Qc7 7. Bd3 e5 8. Ne2 exd4 9. Bxd4 Nbd7 10. c3 Bb7 11. Ng3 c5 12. Be3 g6 13. 0-0 Bg7 14. Bf4 0-0 15. Re1 c4 16. Bc2 Ne5 17. Rc1 Nfd7 18. b4 cxb3 19. Bxb3 Nb6 20. Nf1 Rfe8 21. N1d2 Nd3 22. Ng5 Nc4 23. Nxc4 bxc4 24. Bxd6 Qb6 25. Bxc4 Nxf2 26. Bxf7+ Kh8 27. Qe2 Nh3+ 28. Kh1 Nxg5 29. Bxe8 Rxe8 30. e5 Nf7 31. Rb1 Qc6 32. Qb2 Ba8 33. Re2 Nxe5 34. Bxe5 Bxe5 35. Rbe1 Rb8 36. Qc1 Rf8 37. Qg5 Bxc3 38. Re6 Qxe6 0-1

[Event "Nuremberg Zabo op 17th"]
[Site "Nuremberg"]
[Date "2015.09.21"]
[Round "2"]
[White "Mantel, Ruben"]
[Black "Wagner, Florian"]
[Result "1/2-1/2"]
[WhiteElo "1845"]
[BlackElo "2136"]
[PlyCount "86"]
[EventDate "2015.09.21"]
[EventType "swiss"]
[EventRounds "5"]
[EventCountry "GER"]
[SourceTitle "EXT 2018"]
[Source "ChessBase"]
[SourceDate "2017.10.13"]
[SourceVersion "1"]
[SourceVersionDate "2017.10.13"]
[SourceQuality "1"]

1. e4 d6 2. Nc3 c5 3. g3 Nc6 4. Bg2 g6 5. d3 Bg7 6. Be3 Rb8 7. Qd2 b5 8. Nf3 b4 9. Nd1 Nd4 10. c3 bxc3 11. bxc3 Nxf3+ 12. Bxf3 Bh3 13. Be2 Qd7 14. f3 f5 15. Nf2 fxe4 16. fxe4 Nf6 17. Nxh3 Qxh3 18. Bf1 Qe6 19. Bg2 0-0 20. 0-0 a6 21. Rab1 c4 22. Bd4 cxd3 23. Qxd3 Nd7 24. Qxa6 Ne5 25. Rxf8+ Rxf8 26. Qe2 Ra8 27. a4 Rxa4 28. Rb8+ Bf8 29. Qf1 Qf7 30. Bxe5 dxe5 31. Rc8 Qxf1+ 32. Kxf1 Kf7 33. c4 e6 34. Rc7+ Be7 35. c5 Rc4 36. c6 Rc1+ 37. Kf2 Rc2+ 38. Kf3 Rc3+ 39. Kg4 h5+ 40. Kh3 g5 41. Bf1 g4+ 42. Kg2 Rc2+ 43. Kg1 Ke8 1/2-1/2